Tilastot visalle Pohjanmaan kunnat

Klikkaa tästä pelataksesi tätä visaa!

Yleistilastot

  • Tätä visaa on pelattu 350 kertaa
  • Keskiarvotulos 11 / 15

Vastaustilastot

VäkilukuKunta/Kaupunki% Oikein
67 012Vaasa
99%
19 446Mustasaari
85%
19 198Pietarsaari
84%
9 540Närpiö
81%
11 141Pedersöre
81%
6 485Kristiinankaupunki
78%
7 496Uusikaarlepyy
78%
8 025Laihia
74%
6 434Vöyri
73%
1 275Kaskinen
69%
2 077Korsnäs
69%
5 488Maalahti
69%
6 442Kruunupyy
61%
5 519Luoto
60%
4 486Isokyrö
52%

Tulosjakauma

Persentiili vastausten määrän mukaan

Jokaisen tuloksen saaneiden osuus

Tuloshistoriasi

Et ole pelannut tätä visaa